History of the Pacific Northwest: Oregon and Washington; (Record no. 51843)
[ view plain ]
| 000 -LEADER | |
|---|---|
| fixed length control field | 01247cam a22002651 4500 |
| 001 - CONTROL NUMBER | |
| control field | rc 01000565 |
| 003 - CONTROL NUMBER IDENTIFIER | |
| control field | DLC |
| 005 - DATE AND TIME OF LATEST TRANSACTION | |
| control field | 20260227111900.0 |
| 008 - FIXED-LENGTH DATA ELEMENTS--GENERAL INFORMATION | |
| fixed length control field | 790806s1889 orucf 000 0ceng |
| 010 ## - LIBRARY OF CONGRESS CONTROL NUMBER | |
| LC control number | rc 01000565 |
| 035 ## - SYSTEM CONTROL NUMBER | |
| System control number | (OCoLC)5242376 |
| 040 ## - CATALOGING SOURCE | |
| Original cataloging agency | DLC |
| Transcribing agency | TxCM |
| Modifying agency | DLC |
| 042 ## - AUTHENTICATION CODE | |
| Authentication code | premarc |
| 050 00 - LIBRARY OF CONGRESS CALL NUMBER | |
| Classification number | F852 |
| Item number | .H67 |
| 245 00 - TITLE STATEMENT | |
| Title | History of the Pacific Northwest: Oregon and Washington; |
| Remainder of title | embracing an account of the original discoveries on the Pacific coast of North America, and a description of the conquest, settlement and subjugation of the original territory of Oregon; also interesting biographies of the earliest settlers and more prominent men and women of the Pacific Northwest, including a descripiton of the climate, soil, productions of Oregon and Washington. |
| 260 ## - PUBLICATION, DISTRIBUTION, ETC. | |
| Place of publication, distribution, etc. | Portland, Or., |
| Name of publisher, distributor, etc. | North Pacific history company, |
| Date of publication, distribution, etc. | 1889. |
| 300 ## - PHYSICAL DESCRIPTION | |
| Extent | 2 v. |
| Other physical details | plates (part fold.) ports. |
| 500 ## - GENERAL NOTE | |
| General note | By Elwood Evans and other writers. |
| 651 #0 - SUBJECT ADDED ENTRY--GEOGRAPHIC NAME | |
| Geographic name | Northwest, Pacific |
| General subdivision | History. |
| 651 #0 - SUBJECT ADDED ENTRY--GEOGRAPHIC NAME | |
| Geographic name | Northwest, Pacific |
| General subdivision | Description and travel. |
| 651 #0 - SUBJECT ADDED ENTRY--GEOGRAPHIC NAME | |
| Geographic name | Northwest, Pacific |
| Form subdivision | Biography. |
| 651 #0 - SUBJECT ADDED ENTRY--GEOGRAPHIC NAME | |
| Geographic name | Oregon |
| General subdivision | History. |
| 710 2# - ADDED ENTRY--CORPORATE NAME | |
| Corporate name or jurisdiction name as entry element | North Pacific History Company of Portland, Or., |
| Relator term | comp. |
| 700 1# - ADDED ENTRY--PERSONAL NAME | |
| Personal name | Evans, Elwood, |
| Dates associated with a name | 1828-1898. |
No items available.